Vollzugsprobleme in Zusammenhang mit dem illegalen Prostitutionswesen

Detalles Bibliográficos
Autor principal: Raffl, Philipp
Formato: eBook
Publicado: Berln̕: Lehrbuchverlag, 2019
Materias:
Acceso en línea:Acceso restringido

MARC

LEADER 00000nam a22000007a 4500
005 20190917232225.0
007 cr|||| ||||
008 190917s2019 de |||||s|||| 00||0 deu d
020 |a 9786202490207 
035 |a 29470 
040 |a vLex 
090 |c 9549  |d 9549 
100 1 |a Raffl, Philipp 
245 1 0 |a Vollzugsprobleme in Zusammenhang mit dem illegalen Prostitutionswesen  |h [Recurso electrn̤ico] /  |c Philipp Raffl 
256 |a Servicio en ln̕ea 
260 |a Berln̕:  |b Lehrbuchverlag,  |c 2019 
300 |a 1 recurso electrn̤ico 
500 |a Die genstñdliche Arbeit beschf̃tigt sich zentral mit Vollzugsproblemen, welche sich in der verwaltungspolizeilichen Praxis in Zusammenhang mit der Bekm̃pfung des illegalen Prostitutionswesens ergeben kn̲nen und mit welchen sich der Autor im Rahmen seiner beruflichen Tt̃igkeit als Polizeijurist in der „Sicherheits- und Verwaltungspolizeilichen Abteilung“ der Landespolizeidirektion Tirol konfrontiert sah. Es soll dem Leser insbesondere die Divergenz zwischen gut gemeinten Gesetzesbestimmungen einerseits, sowie deren Praxistauglichkeit im Rahmen einer effizienten Vollziehung andererseits, veranschaulicht werden. 
506 1 |a Disponible solo en los productos indicados  |d vLex Global  |d vLex Global (Academic Edition, excluding Law Schools)  |d vLex Global (U.S. Academic Edition, Law Schools)  |d vLex Global (U.S. Academic Edition, excluding Law Schools)  |d vLex Global (Academic Edition, Law Schools) 
650 0 4 |a Derecho Pb︢lico y Administrativo  |z Alemania 
740 0 |a vLex Libros (Servicio en ln̕ea) 
856 4 0 |u http://vlex.com/source/29470  |z Acceso restringido 
942 |c BOOK 
999 0 |a Public and Administrative Law